Score 0/15 Timer 04:00
7 Plays Today
% Correct
Bringing Up Bébé
90.2%
In Defense of the Princess
87.9%
You're Doing a Great Job!
86.9%
Siblings Without Rivalry
86.8%
When Partners Become Parents
86.5%
Does This Baby Make Me Look Straight?
86%
Time to Talk
85.9%
Screenwise
85.5%
% Correct
Books That Build Character
85.3%
What My Mother Gave Me
84.4%
The Teenage Brain
83.7%
Punished by Rewards
82.4%
Thinking Differently
80.8%
How to Hug a Porcupine
75.5%
Expecting Better
74.5%
Remove Ads.
Support Sporcle.
Get the best of Sporcle when you Go Orange. This ad-free experience offers more features, more stats, and more fun while also helping to support Sporcle. Thank you for becoming a member.

You're not logged in!

Compare scores with friends on all Sporcle quizzes.
OR
Log In

Show Comments

Extras

Top Quizzes Today


Score Distribution

Your Account Isn't Verified!

In order to create a playlist on Sporcle, you need to verify the email address you used during registration. Go to your Sporcle Settings to finish the process.

Report this User

Report this user for behavior that violates our Community Guidelines.

Details: